[Event "GER-ch Net qual1 U14"]
[Site "Playchess.com INT"]
[Date "2011.05.01"]
[Round "2"]
[White "Hirschmann, Jakob"]
[Black "Hartewig, Anja"]
[Result "1-0"]
[WhiteElo "1906"]
[BlackElo "1497"]
[PlyCount "73"]
[EventDate "2011.05.01"]
[EventType "swiss (blitz)"]
[EventRounds "7"]
[EventCountry "GER"]
[SourceTitle "CBM 142 Extra"]
[Source "ChessBase"]
[SourceDate "2011.06.27"]
[SourceVersion "1"]
[SourceVersionDate "2011.06.27"]
[SourceQuality "1"]

1. e4 d6 2. d4 Nf6 3. Nc3 g6 4. Be3 c6 5. Qd2 b5 6. Be2 Nbd7 7. Nf3 Bb7 8. h4 b4 9. Nd1 Nxe4 10. Qc1 Qa5 11. h5 b3+ 12. c3 bxa2 13. Bh6 Bxh6 14. Qxh6 0-0-0 15. Qe3 Ndf6 16. h6 c5 17. 0-0 Ng4 18. Qf4 Nef6 19. b4 cxb4 20. cxb4 Qa4 21. Nc3 Qxb4 22. Rfc1 Kb8 23. Nb5 Qb2 24. Nc3 Rc8 25. Rxa2 Qb3 26. Qd2 Bxf3 27. Bxf3 Rc7 28. Rb2 Qb7 29. Bxb7 Rxb7 30. Rxb7+ Kxb7 31. Rb1+ Kc7 32. Nb5+ Kd7 33. Qa5 Rc8 34. Qxa7+ Ke8 35. Nc7+ Kf8 36. Rb8 Rxb8 37. Qxb8+ 1-0

[Event "GER-ch Net qual1 U14"]
[Site "Playchess.com INT"]
[Date "2011.05.01"]
[Round "7"]
[White "Hirschmann, Jakob"]
[Black "Janke, Hendrik"]
[Result "0-1"]
[WhiteElo "1906"]
[BlackElo "1466"]
[PlyCount "118"]
[EventDate "2011.05.01"]
[EventType "swiss (blitz)"]
[EventRounds "7"]
[EventCountry "GER"]
[SourceTitle "CBM 142 Extra"]
[Source "ChessBase"]
[SourceDate "2011.06.27"]
[SourceVersion "1"]
[SourceVersionDate "2011.06.27"]
[SourceQuality "1"]

1. e4 Nf6 2. e5 Nd5 3. c4 Nb6 4. d4 d6 5. exd6 cxd6 6. d5 g6 7. Qd4 Rg8 8. Nf3 Bg7 9. Qf4 Bf5 10. Be2 N8d7 11. Na3 Ne5 12. 0-0 Rc8 13. h3 Qc7 14. g4 Bd7 15. Ng5 h6 16. Nf3 Nbxc4 17. Nxc4 Nxc4 18. Bxc4 Qxc4 19. Qe3 Qxd5 20. Bd2 Bc6 21. Rfe1 e6 22. Kg2 Qxf3+ 23. Qxf3 Bxf3+ 24. Kxf3 Rc2 25. Be3 Rxb2 26. Bxa7 Ke7 27. Rab1 Ra8 28. Rxb2 Bxb2 29. Rb1 Rxa7 30. Rxb2 d5 31. Ke3 Kd6 32. f4 Kc6 33. Kd4 Ra4+ 34. Ke5 Re4+ 35. Kf6 Rxf4+ 36. Kg7 h5 37. gxh5 gxh5 38. Kh6 Rh4 39. Rb3 e5 40. Rf3 e4 41. Rxf7 Rxh3 42. Rf6+ Kc5 43. Kg5 e3 44. Rf8 d4 45. Rc8+ Kb4 46. Rd8 Kc3 47. Rc8+ Kd2 48. Rb8 d3 49. Rxb7 e2 50. Re7 e1Q 51. Rxe1 Kxe1 52. a4 d2 53. a5 d1Q 54. a6 Qd5+ 55. Kh6 Qe6+ 56. Kh7 Qxa6 57. Kh8 Rg3 58. Kh7 Qg6+ 59. Kh8 Qg7# 0-1